Normal view
MARC view
Entry Personal Name
001 - CONTROL NUMBER
- control field: 60550
003 - CONTROL NUMBER IDENTIFIER
- control field: dpl
005 - DATE AND TIME OF LATEST TRANSACTION
- control field: 20240102153038.0
008 - FIXED-LENGTH DATA ELEMENTS
- fixed length control field: 240102|| aca||aabn | a|a d
040 ## - CATALOGING SOURCE
- Original cataloging agency: dpl
- Transcribing agency: dpl
100 ## - HEADING--PERSONAL NAME
- Personal name: Simrit Kaur
670 ## - SOURCE DATA FOUND
- Source citation: Work cat.: (dpl)96075: McEachern,William A. 60549, Micro econ:, 2013
